[Event "HEM 2013 B Turnier"]
[Site "Korbach"]
[Date "2013.03.28"]
[Round "3.27"]
[White "Seemke, Erwin"]
[Black "Krug, Franz-Dieter"]
[Result "0-1"]
[WhiteElo "1162"]
[BlackElo "1571"]
[PlyCount "76"]
[EventDate "2013.??.??"]
[WhiteTeam "Sfr. Korbach"]
[BlackTeam "SVigung 1928 Alsdorf e"]

1. d4 d5 2. e3 Nf6 3. c4 e6 4. a3 c5 5. dxc5 Bxc5 6. b4 Be7 7. Nf3 O-O 8. Qc2
b6 9. Nbd2 Bb7 10. Nd4 Nbd7 11. cxd5 Bxd5 12. f3 Rc8 13. Qb1 Bb7 14. Bd3 Ne5
15. O-O Nxd3 16. Qxd3 e5 17. Bb2 exd4 18. Bxd4 Qd5 19. Qb3 Qh5 20. f4 Ng4 21.
h3 Nh6 22. Qd1 Qg6 23. Nf3 Rc7 24. Rf2 Rfc8 25. Ne5 Qf5 26. g4 Qe4 27. Qf3 Bh4
28. Rff1 Qc2 29. Rac1 Bxf3 30. Rxc2 Rxc2 31. Nxf3 Be7 32. e4 f6 33. Be3 R8c3
34. Nd4 Ra2 35. Rf2 Raxa3 36. Nb5 Ra1+ 37. Rf1 Rxf1+ 38. Kxf1 Rxe3 0-1

[Event "HEM 2013 B Turnier"]
[Site "Korbach"]
[Date "2013.03.28"]
[Round "3.28"]
[White "Naujocks, Christian"]
[Black "Barchfeld, Peter"]
[Result "1-0"]
[WhiteElo "1639"]
[BlackElo "1175"]
[PlyCount "41"]
[EventDate "2013.??.??"]
[WhiteTeam "Sfr. Korbach"]
[BlackTeam "SAbt TG Wehlheiden"]

1. e4 c5 2. Nf3 d6 3. d4 cxd4 4. Nxd4 Nf6 5. Nc3 a6 6. Bc4 e6 7. O-O b5 8. Bd3
Be7 9. Be3 O-O 10. g4 Bb7 11. g5 Nfd7 12. f4 Nc5 13. Qg4 b4 14. f5 e5 15. f6
exd4 16. Bxd4 Nxd3 17. cxd3 bxc3 18. fxe7 Qxe7 19. Bf6 gxf6 20. gxf6+ Kh8 21.
Qg7# 1-0

[Event "HEM 2013 B Turnier"]
[Site "Korbach"]
[Date "2013.03.28"]
[Round "3.29"]
[White "Grasmik, Waldemar"]
[Black "Ehmann, Johanna"]
[Result "0-1"]
[WhiteElo "1599"]
[BlackElo "1096"]
[PlyCount "82"]
[EventDate "2013.??.??"]
[WhiteTeam "TSV 1876 Bad Kissingen"]
[BlackTeam "SF Sasbach e.V."]

1. e4 e5 2. d4 exd4 3. a3 Nc6 4. c3 Bc5 5. g3 d6 6. h4 Nf6 7. Bd3 O-O 8. Bg5 h6
9. Nd2 dxc3 10. bxc3 Ne5 11. Bc2 Neg4 12. Nh3 Re8 13. Qe2 d5 14. O-O-O Bxa3+
15. Kb1 Qd6 16. Nb3 Nxe4 17. Bxe4 Rxe4 18. Qd3 Ne5 19. Qc2 a5 20. Bf4 Qe6 21.
Bxe5 Qxe5 22. f4 Qe6 23. Ng5 hxg5 24. hxg5 a4 25. Qh2 Kf8 26. Nd4 Qb6+ 27. Ka1
Bb2+ 28. Qxb2 Qxb2+ 29. Kxb2 a3+ 30. Ka2 g6 31. Rd2 Re3 32. Nb5 c6 33. Nc7 Rb8
34. Kxa3 Rxc3+ 35. Kb4 Rxg3 36. Kc5 Ke7 37. Re2+ Kd7 38. Ne8 b6+ 39. Kb4 c5+
40. Kb5 Rb3+ 41. Ka4 Rb4+ 0-1

[Event "HEM 2013 B Turnier"]
[Site "Korbach"]
[Date "2013.03.28"]
[Round "3.30"]
[White "Risius, Joerg"]
[Black "Mohammadi, Sholeh"]
[Result "0-1"]
[WhiteElo "1309"]
[BlackElo "1055"]
[PlyCount "106"]
[EventDate "2013.??.??"]
[WhiteTeam "SK 1858 Gießen"]
[BlackTeam "SK Marburg 1931/72"]

1. d4 d5 2. Nf3 Nc6 3. Bf4 Nf6 4. e3 e6 5. c4 h6 6. Nc3 g5 7. Be5 Bb4 8. Qc2
Bd7 9. cxd5 exd5 10. Be2 Rg8 11. Bxf6 Qxf6 12. O-O-O Be6 13. e4 O-O-O 14. e5
Qf4+ 15. Qd2 Qg4 16. Ne1 Qf5 17. g4 Qxf2 18. Bf3 Qxd2+ 19. Rxd2 Bxc3 20. bxc3
Rg6 21. h3 f6 22. Nd3 fxe5 23. Nxe5 Nxe5 24. dxe5 c6 25. Rhd1 Rgg8 26. Kb2 Rgf8
27. Rd3 Rh8 28. Ka3 h5 29. Kb4 Kc7 30. a4 hxg4 31. Bxg4 Bxg4 32. hxg4 Rh2 33.
Kb3 Re2 34. c4 Rxe5 35. cxd5 Rexd5 36. Kc4 Rxd3 37. Rxd3 Re8 38. a5 Re4+ 39.
Rd4 Rf4 40. Kd3 c5 41. Rc4 Kd6 42. Re4 Kd5 43. Rxf4 gxf4 44. g5 Ke6 45. Ke4 f3
46. Kxf3 Kf5 47. g6 Kxg6 48. Ke4 b6 49. a6 Kf6 50. Kd5 Ke7 51. Ke5 Kd7 52. Kd5
Kc7 53. Kc4 Kc6 0-1

[Event "HEM 2013 B Turnier"]
[Site "Korbach"]
[Date "2013.03.28"]
[Round "3.31"]
[White "Kalkuhl, Thorsten"]
[Black "Wolff, Beate"]
[Result "1-0"]
[WhiteElo "1209"]
[BlackElo "905"]
[PlyCount "135"]
[EventDate "2013.??.??"]
[WhiteTeam "SC Marsberg e.V."]
[BlackTeam "VSG 1880 Offenbach"]

1. d4 d5 2. Nf3 c6 3. c4 Nf6 4. Nc3 Bf5 5. e3 Nbd7 6. b3 e6 7. Bb2 Be7 8. Be2
O-O 9. Nh4 Bg6 10. Nxg6 hxg6 11. O-O Qc7 12. cxd5 cxd5 13. Rc1 Qa5 14. Na4 Rfc8
15. Bc3 Bb4 16. Bxb4 Qxb4 17. f3 Qa3 18. Qd2 Qe7 19. g4 Nh7 20. Rc2 Rxc2 21.
Qxc2 f5 22. Qc7 Kf7 23. Qxb7 Rh8 24. Nc5 Nhf8 25. Bb5 Nxc5 26. Qxe7+ Kxe7 27.
dxc5 Nh7 28. Rc1 Rc8 29. Ba6 Rc7 30. b4 Ng5 31. Kg2 e5 32. h4 Ne6 33. gxf5 gxf5
34. Bd3 Kf6 35. Kg3 f4+ 36. exf4 Nxf4 37. Rd1 a5 38. a3 axb4 39. axb4 d4 40.
Kh2 Nd5 41. Rb1 Nc3 42. Rb2 Nd5 43. Be4 Nc3 44. Kg3 Ra7 45. b5 Nxe4+ 46. fxe4
Ra3+ 47. Kg4 d3 48. Rd2 g6 49. b6 Rb3 50. Kf3 Ke6 51. Ke3 Kd7 52. Rxd3+ Rxd3+
53. Kxd3 Kc6 54. Kc4 Kb7 55. Kd5 Ka6 56. Kxe5 Kb5 57. Kf6 Kxc5 58. b7 Kd4 59.
e5 Ke4 60. b8=Q Kf4 61. Kxg6 Kg4 62. h5 Kf4 63. e6+ Ke4 64. e7 Kd5 65. e8=R Kc5
66. Rd8 Kc6 67. Qc8+ Kb5 68. Rd1 1-0